000 00843cab a2200253 4500
001 WB3021-39
008 090401t1994 xxu||||| |||| 00| 0 eng d
035 _a(Sirsi) u62134
041 _aeng
245 _aPlanning gain excess ends
260 _c1994
350 _a0
490 _aEstates Gazette
_v(9421) 28 May 1994, 47
490 _aPlanning Week
_v2(22) 2 June 1994, 2(1)
520 _aA CA decision has decided that planners must take account only of planning gain offers which `directly, fairly and reasonably` relate to an application. Tesco`s application for a superstore at Witney.
650 _aDOE
650 _aPLANNING GAIN
650 _aPLYMOUTH CO-OP CASE
650 _aTESCO STORES LTD V SOS ENVIRONMENT & ANOR
650 _aTESCO
690 _aPLANNING LAW AND PRACTICE
942 _n0
948 _c04/03/1997
999 _c38593
_d38593